000
00338 a2200157 4500
001
62735
020
_a
9789604433247
040
_c
Anchieta - Pituba
100
_a
Dickens, Charles
240
1
0
_a
Oliver Twist
_l
Ing
245
1
0
_a
Oliver Twist
300
_a
78
362
0
_a
2008
650
4
_a
Literatura juvenil em inglês
942
_c
BK
999
_c
62735
_d
62735